Normal view MARC view

Entry Topical Term

Number of records used in: 1

001 - CONTROL NUMBER

  • control field: 59407

003 - CONTROL NUMBER IDENTIFIER

  • control field:

005 - DATE AND TIME OF LATEST TRANSACTION

  • control field: 20240926214412.0

008 - FIXED-LENGTH DATA ELEMENTS

  • fixed length control field: 240926|| aca||aabn | a|a d

040 ## - CATALOGING SOURCE

  • Original cataloging agency:
  • Transcribing agency:

150 ## - HEADING--TOPICAL TERM

  • Topical term or geographic name entry element: Fiction
  • Form subdivision: English

670 ## - SOURCE DATA FOUND

  • Source citation: Work cat.: ()23444: GORKIY, Maksim 1868-1936 aut 59405, The life of Matvei Kozhemyakin /, 1961

National Library of Nigeria OPAC is powered by Koha